المرأة و الأحزاب السياسية في الإنتخابات النيابية لعام 1997 : (رقم التسجيلة. 52583)

تفاصيل مارك
000 -LEADER
fixed length control field 00941nam a22002177a 4500
005 - DATE AND TIME OF LATEST TRANSACTION
control field 20251108170934.0
008 - FIXED-LENGTH DATA ELEMENTS--GENERAL INFORMATION
fixed length control field 250721s1997 xx 000 0 ara d
082 14 - DEWEY DECIMAL CLASSIFICATION NUMBER
Classification number 324.9565/حلق
111 2# - MAIN ENTRY--MEETING NAME
Meeting name or jurisdiction name as entry element حلقة نقاش المرأة و الأحزاب السياسية في الإنتخابات النيابية لعام 1997 (1997 : عمان)
245 10 - TITLE STATEMENT
Title المرأة و الأحزاب السياسية في الإنتخابات النيابية لعام 1997 :
Remainder of title حلقة نقاش /
264 1# - PRODUCTION, PUBLICATION, DISTRIBUTION, MANUFACTURE, AND COPYRIGHT NOTICE
Place of production, publication, distribution, manufacture عمان :
Name of producer, publisher, distributor, manufacturer مركز الريادة للمعلومات و الدراسات،
Date of production, publication, distribution, manufacture, or copyright notice 1997.
300 ## - PHYSICAL DESCRIPTION
Extent 87ص.
490 0# - SERIES STATEMENT
Series statement سلسة المجتمع المدني و النظام البرلماني ؛5
650 17 - SUBJECT ADDED ENTRY--TOPICAL TERM
Topical term or geographic name as entry element الإنتخابات النيابية
650 17 - SUBJECT ADDED ENTRY--TOPICAL TERM
Topical term or geographic name as entry element المجالس النيابية
650 17 - SUBJECT ADDED ENTRY--TOPICAL TERM
Topical term or geographic name as entry element الأردن
650 17 - SUBJECT ADDED ENTRY--TOPICAL TERM
Topical term or geographic name as entry element المرأة
650 17 - SUBJECT ADDED ENTRY--TOPICAL TERM
Topical term or geographic name as entry element الأحزاب السياسية
942 ## - ADDED ENTRY ELEMENTS (KOHA)
Source of classification or shelving scheme Dewey Decimal Classification
Koha item type كتب
المقتنيات
حالة السحب حالة الفقدان مصدر التصنيف حالة التلف غير قابل للإعارة المكتبة الرئيسية المكتبة الحالية موقع الرف تاريخ التزويد الرقم المتسلسل Total Checkouts رقم الإستدعاء تاريخ آخر ظهور تاريخ الفاتورة نوع المادة (كوها) الباركود
    Dewey Decimal Classification Unchecked   مكتبة الأميرة ايمان العامة مكتبة الأميرة ايمان العامة الإعارة 06/07/2004 10674   324.9565/حلق 28/07/2025 06/07/2004 كتب  
    Dewey Decimal Classification Unchecked   مكتبة الاميرة بديعة مكتبة الاميرة بديعة الإعارة 06/07/2004 6506   324.9565/حلق 28/07/2025 06/07/2004 كتب  
    Dewey Decimal Classification Unchecked   مكتبة الحسن العامة مكتبة الحسن العامة الإعارة 06/07/2004 11054   324.9565/حلق 28/07/2025 06/07/2004 كتب  
    Dewey Decimal Classification     مكتبة حمزة العامة مكتبة حمزة العامة الإعارة 08/02/2016 (6114)   324.9565/حلق 28/07/2025 08/02/2016 كتب PLD00372324
    Dewey Decimal Classification     مكتبة صويلح العامة مكتبة صويلح العامة الإعارة 05/04/2016 [13599   324.9565/حلق 28/07/2025 05/04/2016 كتب PLD00384637
    Dewey Decimal Classification     مكتبة وادي السير العامة مكتبة وادي السير العامة الإعارة 15/02/2016 [7379]   324.9565/حلق 28/07/2025 15/02/2016 كتب PLD00374037
Implemented & Customized by: BBB with SCIT (Smart Chains for Information Technology)

Powered by Koha